DeJ Loaf Charting Songs (Billboard Hot 100) - Statistics

General Stats
  • This quiz has been taken 17 times
  • The average score is 4 of 5
Answer Stats
Album Weeks On Peak Artist(s) Song % Correct
...And See That's the Thing 18 Weeks #47 DeJ Loaf ft. Big Sean Back Up
89%
The Cash Money Story: Before Anythang Original Motion Picture Soundtrack 7 Weeks #86 Jacquees x DeJ Loaf At the Club
78%
Non-Album Single 1 Week #100 DeJ Loaf No Fear
78%
Non-Album Single 20 Weeks #45 DeJ Loaf Try Me
78%
Full Speed 20 Weeks #43 Kid Ink ft. DeJ Loaf Be Real
67%
No matching quizzes found
Score Distribution
Percent of People with Each Score
Percentile by Number Answered
Your Score History
You have not taken this quiz